000 00227nam a2200097Ia 4500
008 240331s9999 xx 000 0 und d
082 _bFAC
100 _aAbeysekera, C. ed
245 0 _aFacets of ethnicity in Sri Lanka
942 _cL
999 _c1999
_d1999